La serigrafía en el arte el arte de la serigrafía. (Record no. 1621)

MARC details
000 -CABECERA
campo de control de longitud fija 00880nam a2200181 a 4500
001 - NÚMERO DE CONTROL
campo de control BRCA_1841
005 - FECHA Y HORA DE LA ÚLTIMA TRANSACCIÓN
campo de control 20190320203554.0
008 - DATOS DE LONGITUD FIJA--INFORMACIÓN GENERAL
campo de control de longitud fija 880115s1984 mx-a---##c---f000-0#spa-#
020 ## - NÚMERO INTERNACIONAL ESTÁNDAR DEL LIBRO
Número Internacional Estándar del Libro 9688370827
040 ## - FUENTE DE LA CATALOGACIÓN
Centro catalogador/agencia de origen DLC
Centro/agencia transcriptor DLC
Centro/agencia modificador DLC
050 #4 - SIGNATURA TOPOGRÁFICA DE LA BIBLIOTECA DEL CONGRESO
Número de clasificación NE2238.M6
Número de documento/Ítem .S47 1984
245 10 - MENCIÓN DE TÍTULO
Título La serigrafía en el arte el arte de la serigrafía.
260 ## - PUBLICACIÓN, DISTRIBUCIÓN, ETC.
Lugar de publicación, distribución, etc. México
Nombre del editor, distribuidor, etc. UNAM, Museo Universitario de Ciencias y Arte, Centro de Investigación y Servicios Museológicos, Coordinación de Extensión Universitaria
Fecha de publicación, distribución, etc. [1984?]
300 ## - DESCRIPCIÓN FÍSICA
Extensión 83 p.
Otras características físicas il. a color
Dimensiones 25 cm.
500 ## - NOTA GENERAL
Nota general Catálogo de la exposición relizada en el Centro de Investigación y Servicios Museológicos, UNAM en colaboración con Ediciones Multiarte del Grupo Madero, Dirección de Museos, Archivos y Bibliotecas del Estado de México y Museo de Monterrey
650 14 - PUNTO DE ACCESO ADICIONAL DE MATERIA--TÉRMINO DE MATERIA
Término de materia o nombre geográfico como elemento de entrada Serigrafía mexicana
Subdivisión de forma Exposiciones
9 (RLIN) 5717
942 ## - ELEMENTOS DE PUNTO DE ACCESO ADICIONAL (KOHA)
Fuente del sistema de clasificación o colocación Library of Congress Classification
Tipo de ítem Koha Libros
Holdings
Estado de retiro Estado de pérdida Estado dañado No para préstamo Localización permanente Ubicación/localización actual Fecha de adquisición Total de préstamos Signatura topográfica completa Código de barras Fecha visto por última vez Precio válido a partir de Tipo de ítem Koha
El ejemplar forma parte de la colección y puede ser consultado según las políticas vigentes.       Biblioteca del Museo Franz Mayer (Rogerio Casas-Alatriste) Biblioteca del Museo Franz Mayer (Rogerio Casas-Alatriste) 30/07/2008   NE2238.M6 .S47 1984 00158 22/03/2019 22/03/2019 Libros